000 00885nam a2200253Ia 4500
003 OSt
005 20220930072932.0
006 a|||||r|||| 00| 0
007 ta
008 220926b |||||||| |||| 00| 0 eng d
024 _a25715
037 _cTheses
040 _aCRL
_cCRL
_beng
041 _2eng
_aeng
100 _aSogani Rajul
_914425
110 _aUniversity of Delhi. Faculty of Arts. Department of Modern Indian Languages and Literary studies
_9530735
245 0 _aWidow in the indian novel 1857-1938
_b A thematological study
260 _c1999
650 _aMODERN EUROPEAN LANGUAGES
700 _a Chattopadhyaya Jayanti Supervisor
_9530736
700 _aUniversity of Delhi. Faculty of Arts. Department of Modern Indian Languages and Literary studies
_9530737
942 _cDIS
_2CC
999 _c864482
_d864482